| 000 | 01174nam a2200313 i 4500 | ||
|---|---|---|---|
| 999 |
_c7598 _d7598 |
||
| 001 | 991059289113606706 | ||
| 003 | OSt | ||
| 005 | 20211223123828.0 | ||
| 008 | 210907s spcd||| |||| 0|0 0 eng| | ||
| 015 |
_aLL2021 _2bnc |
||
| 017 |
_aDL B 4632-2020 _bBiblioteca de Catalunya |
||
| 020 | _a9788418199004 | ||
| 040 |
_aES-BaBC _bcat _erda _cCDMR |
||
| 043 |
_ae------ _amm----- |
||
| 080 |
_a323.1 _x(4-13+6-17) _x(049.5) _22004 |
||
| 080 |
_a323.2 _x(4-13+6-17) _x(049.5) _22004 |
||
| 245 | 0 | 0 | _aCivil society and social movements in the Euro-Mediterranean region |
| 264 | 1 |
_aBarcelona : _bIEMed , _c[2020] |
|
| 300 |
_a136 pàgines : _bgràfics ; _c27 cm |
||
| 490 | 1 |
_aEuromed survey of experts and actors ; _v10 |
|
| 650 | 7 |
_aSocietat civil _zMediterrània, Regió _xEnquestes. _2lemac |
|
| 650 | 7 |
_aMoviments socials _zMediterrània, Regió _xEnquestes. _2lemac |
|
| 710 | 2 | _aInstitut Europeu de la Mediterrània, | |
| 830 | 0 |
_aEuromed survey of experts and actors ; _v10 |
|
| 856 |
_uhttps://www.iemed.org/euromed-survey/civil-society-and-social-movements-in-the-euro-mediterranean-region/ _zAccés lliure |
||
| 908 | _aBC | ||
| 940 | _aBC | ||
| 942 |
_2udc _cLLIBRE-E |
||